The early work

I tiakina i:
Ngā taipitopito rārangi puna kōrero
Kaituhi matua: Beardsley, Aubrey (Author)
Hōputu: Pukapuka
Reo:Ingarihi
I whakaputaina: Nueva York Dover 1920
Ngā marau:
Ngā Tūtohu: Tāpirihia he Tūtohu
Kāore He Tūtohu, Me noho koe te mea tuatahi ki te tūtohu i tēnei pūkete!

MARC

LEADER 00000nam a2200000 a 4500
001 UCT3604
003 CL-VaPUC
008 961024e19200000US |||||||||||||||||eng|d
082 0 4 |a 741.092  |b BEA  |2 21 
100 0 |a Beardsley, Aubrey  |e author  |9 265480 
245 1 4 |a The early work 
300 |a Pag. irreg 
942 |c BK 
945 |d 19961024 00:00:00  |a rleighto 
260 |a Nueva York  |b Dover  |c 1920 
650 0 |a Dibujos  |9 264123 
650 0 |a Artistas   |9 262026 
583 |a last modification  |c 19961024 00:00:00  |k Rodrigo Vera 
999 |c 253183  |d 253181 
952 |0 0  |1 0  |4 0  |6 741_092000000000000_BEA_1920  |7 0  |8 P  |9 273831  |a BIBARQ  |b BIBARQ  |d 2019-11-19  |i 3244237  |l 2  |o 741.092 BEA 1920  |p 3244237  |r 2025-01-20  |s 2023-04-05  |w 2019-11-19  |y BK  |k ARQ